| 000 | 00416nam a2200097Ia 4500 | ||
|---|---|---|---|
| 008 | 180130s9999 xx 000 0 und d | ||
| 245 |
_cDesmarais, Bruce A.; Cranmer, Skyler J. _aForecasting the locational dynamics of transnational terrorism: a network analytic approach |
||
| 260 | _c2016 | ||
| 300 | _aBook title: Computer and information security--Acession number C20546; pages 72-83 | ||
| 650 | _aINFORMATION SECURITY | ||
| 999 |
_c354112 _d354112 |
||